000 00837nam a22002657a 4500
003 AR-CdUBM
005 20140505144215.0
008 110912s2008 ag ||||| |||| 00| 0 spa d
020 _a9789500204439
040 _aAR-CdUBM
_cAR-CdUBM
082 _2330.982
100 1 _929443
_aAlvarado Ledesma, Manuel,
_d1952-
245 1 0 _aPor qué despreciamos el agro? :
_bhistoria de un conflicto /
_cManuel Alvarado Ledesma.
250 _a1a. ed.
260 _aBuenos Aires :
_bEl Ateneo,
_c2008.
300 _a255 p. ;
_c23 cm.
490 0 _aColección Camimos de la Argentina
590 _aProyecto Pasiones Políticas (2001-)
650 4 _919404
_aHISTORIA POLITICA ARGENTINA
650 4 _95256
_aCONFLICTOS
650 4 _923263
_aPRODUCCION AGROPECUARIA
651 4 _93470
_aARGENTINA
942 _cLIBRO
_2ddc
945 _amag
_d2011-09-12
999 _c2015
_d2015